=LDR 00000nam 2200000 4500 =001 NUTBA000000000002954 =005 20140712132207.0 =006 =007 =008 =020 ##$$a 979-9051-76-2 =035 ##$$a 0010-071400000000142 =082 ##$$a 658.31 =100 ##$$a REDAKSI TANGGA PUSTAKA =245 ##$$a TES SKOLASTIK DAN TKU UNTUK CPNS =260 ##$$a JAKARTA $b TANGGA PUSTAKA $c 2008 =850 ##$$a NBPNMAT =990 ##$$a 21400613/BPAP-NTB/20142014